| 000 | 00439 a2200157 4500 | ||
|---|---|---|---|
| 999 |
_c320955 _d320955 |
||
| 001 | 85882 | ||
| 003 | NUST | ||
| 005 | 20180121162639.0 | ||
| 008 | 180121b xxu||||| |||| 00| 0 eng d | ||
| 020 | _a0700702423 | ||
| 082 | _a297.35 NET | ||
| 100 |
_aIan Richard Netton _99365 |
||
| 245 |
_aGolden roads : migration, pilgrimage, and travel in mediaeval and modern Islam _hEnglish |
||
| 250 | _a1st | ||
| 260 |
_aUK _bCurzon Press, _c1993 |
||
| 300 | _axvii, 193 p | ||
| 500 | _aGifted By AM Masood Akhtar | ||
| 942 |
_acaenust _cBK _k297.35 NET _2ddc |
||